000
00390nam a22001697a 4500
003
MPLRDC
005
20220104144534.0
008
210129b ||||| |||| 00| 0 eng d
082
_a
915.1 HW
100
_a
何为
245
_a
戏曲音乐研究
_c
250
_a
初版
260
_a
_b
中国戏剧出版社
_c
1985
300
_b
平
650
_a
中国剧乐
942
_c
BK
_o
915.1 HW
999
_c
50602
_d
50592